[Event "XXI ABERTO INTERNACIONAL DE XADREZ "]
[Site "Pontevedra"]
[Date "2008.08.10"]
[Round "1.1"]
[White "Fernandez Iglesias, Diego"]
[Black "Rusev, Krasimir"]
[Result "0-1"]
[WhiteElo "1868"]
[BlackElo "2508"]
[PlyCount "56"]
[EventDate "2008.08.10"]

1. e4 c5 2. Nc3 Nc6 3. g3 g6 4. Bg2 Bg7 5. f4 d6 6. Nf3 e5 7. d3 Nge7 8. O-O
O-O 9. h3 h6 10. g4 exf4 11. Bxf4 d5 12. exd5 Nxd5 13. Nxd5 Qxd5 14. c3 Qd8 15.
Qd2 g5 16. Bg3 f5 17. gxf5 Bxf5 18. Rad1 Qd7 19. Kh2 Rad8 20. Qe3 b6 21. Ne1
Rfe8 22. Qd2 Ne5 23. b3 Ng6 24. d4 cxd4 25. cxd4 g4 26. hxg4 Bxg4 27. Nf3 Qf5
28. Nh4 Qh5 0-1

[Event "XXI ABERTO INTERNACIONAL DE XADREZ "]
[Site "Pontevedra"]
[Date "2008.08.10"]
[Round "1.2"]
[White "Spassov, Liuben"]
[Black "Moreira Martinez, Xose Ramon"]
[Result "1-0"]
[WhiteElo "2428"]
[BlackElo "1866"]
[PlyCount "79"]
[EventDate "2008.08.10"]

1. d4 d5 2. c4 e6 3. Nc3 Nf6 4. cxd5 exd5 5. Bg5 Be7 6. e3 O-O 7. Bd3 c6 8. Qc2
h6 9. Bh4 Be6 10. Nf3 Nbd7 11. O-O Rc8 12. Na4 Qa5 13. Rac1 Rfe8 14. a3 Bg4 15.
b4 Qd8 16. Nd2 a6 17. h3 Be6 18. Bg3 b5 19. Nc5 Nxc5 20. dxc5 Nd7 21. Nf3 Bf6
22. Rb1 a5 23. a4 bxa4 24. b5 Be7 25. Nd4 Nxc5 26. bxc6 Nxd3 27. Qxd3 Bd6 28.
Bxd6 Qxd6 29. Ra1 Rb8 30. Rxa4 Qc7 31. Qc3 Ra8 32. Rfa1 Reb8 33. Qe1 g5 34.
Rxa5 Rxa5 35. Rxa5 g4 36. hxg4 Rb2 37. Ra8+ Kg7 38. Qa1 Qb6 39. Nxe6+ fxe6 40.
Ra2 1-0

[Event "XXI ABERTO INTERNACIONAL DE XADREZ "]
[Site "Pontevedra"]
[Date "2008.08.10"]
[Round "1.3"]
[White "Portela Gonzalez, Adrian"]
[Black "Ortiz Suarez, Isam"]
[Result "0-1"]
[WhiteElo "1858"]
[BlackElo "2392"]
[PlyCount "61"]
[EventDate "2008.08.10"]

1. e4 c5 2. Nf3 d6 3. d4 cxd4 4. Nxd4 Nf6 5. Nc3 a6 6. Bg5 e6 7. f4 Be7 8. Qf3
Qc7 9. Nb3 Nbd7 10. O-O-O b5 11. Bd3 Bb7 12. f5 b4 13. fxe6 fxe6 14. Bxf6 Bxf6
15. Ne2 Ne5 16. Qh5+ g6 17. Qh3 Bc8 18. Kb1 O-O 19. Qg3 a5 20. h4 a4 21. Nbc1
Nxd3 22. Qxd3 Be5 23. h5 g5 24. h6 Kh8 25. Nd4 a3 26. b3 Ba6 27. Nxe6 Qc8 28.
Qh3 g4 29. Qxg4 Qc3 30. Qg7+ Bxg7 31. hxg7+ 0-1

[Event "XXI ABERTO INTERNACIONAL DE XADREZ "]
[Site "Pontevedra"]
[Date "2008.08.10"]
[Round "1.5"]
[White "Garcia Abreu, Benjamin"]
[Black "Rivera, Daniel"]
[Result "0-1"]
[WhiteElo "1818"]
[BlackElo "2322"]
[PlyCount "62"]
[EventDate "2008.08.10"]

1. Nf3 c5 2. c4 Nc6 3. Nc3 g6 4. g3 Bg7 5. Bg2 e5 6. e4 Nge7 7. d3 d6 8. Be3 a6
9. O-O Rb8 10. a4 O-O 11. b3 f5 12. Bg5 h6 13. Bxe7 Nxe7 14. Ra2 f4 15. Nd5 g5
16. Nxe7+ Qxe7 17. Nd2 g4 18. f3 h5 19. fxg4 hxg4 20. Rf2 Bh6 21. Nf1 Be6 22.
Rab2 Kg7 23. Bh1 Qg5 24. Qe1 b6 25. b4 cxb4 26. Qxb4 Qe7 27. Qc3 Kh7 28. Qc2
Qc7 29. d4 fxg3 30. hxg3 Rxf2 31. Qxf2 Rf8 0-1

[Event "XXI ABERTO INTERNACIONAL DE XADREZ "]
[Site "Pontevedra"]
[Date "2008.08.10"]
[Round "1.9"]
[White "Mougan Gonzalez, Santiago"]
[Black "Carrera Perez, Francisco"]
[Result "0-1"]
[WhiteElo "1730"]
[BlackElo "2266"]
[PlyCount "100"]
[EventDate "2008.08.10"]

1. e4 b6 2. Nc3 Bb7 3. d4 e6 4. Bd3 Bb4 5. Nf3 Nf6 6. Qe2 d5 7. e5 Ne4 8. Bd2
Nxd2 9. Qxd2 Ba6 10. O-O Bxd3 11. Qxd3 O-O 12. Nb5 a6 13. a3 Be7 14. Nc3 c5 15.
Ne2 Nc6 16. c4 dxc4 17. Qxc4 b5 18. Qd3 c4 19. Qe4 Qd5 20. Qg4 f5 21. exf6 Rxf6
22. Nf4 Qe4 23. g3 Nxd4 24. Nxd4 Qxd4 25. Rad1 Qb6 26. Rd7 Ra7 27. Rxa7 Qxa7
28. Nxe6 Rf7 29. Ng5 Bxg5 30. Qxg5 Qd4 31. Qc1 Rf3 32. Qd1 Qxd1 33. Rxd1 Rb3
34. Rd2 Kf7 35. Kf1 Ke6 36. Ke1 c3 37. bxc3 Rxa3 38. Re2+ Kd5 39. Re3 Kc4 40.
Re7 Kxc3 41. Rxg7 b4 42. f4 b3 43. Rc7+ Kd3 44. Rd7+ Kc2 45. Rc7+ Kb1 46. f5 b2
47. Ke2 Ka2 48. f6 b1=Q 49. f7 Qe4+ 50. Kf2 Rf3+ 0-1

[Event "XXI ABERTO INTERNACIONAL DE XADREZ "]
[Site "Pontevedra"]
[Date "2008.08.10"]
[Round "1.10"]
[White "Diaz Nunez, Adolfo"]
[Black "Soto Perez, Jaime"]
[Result "1-0"]
[WhiteElo "2251"]
[BlackElo "1708"]
[PlyCount "95"]
[EventDate "2008.08.10"]

1. Nf3 Nf6 2. c4 e6 3. g3 Be7 4. Bg2 d6 5. d4 O-O 6. O-O c6 7. Nc3 Nbd7 8. e4
e5 9. h3 Re8 10. Be3 Bf8 11. Qc2 Qc7 12. Rac1 a6 13. a3 exd4 14. Nxd4 Ne5 15.
b3 Bd7 16. f4 Ng6 17. Qd2 Qa5 18. Nd5 Qxd2 19. Nxf6+ gxf6 20. Bxd2 Rac8 21. a4
Bg7 22. Nf5 Bxf5 23. exf5 Nf8 24. Rcd1 Nd7 25. Bb4 Nc5 26. Bxc5 dxc5 27. Rd7
Rb8 28. Rfd1 Kf8 29. Kf2 Re7 30. Rxe7 Kxe7 31. h4 Rd8 32. Rxd8 Kxd8 33. Kf3 Ke7
34. Kg4 Kd6 35. Kf3 b5 36. Ke4 Bf8 37. g4 h6 38. g5 fxg5 39. fxg5 hxg5 40. hxg5
Be7 41. f6 Bf8 42. a5 Ke6 43. Bh3+ Kd6 44. Bc8 b4 45. Bf5 Kc7 46. Be6 fxe6 47.
g6 Kd8 48. g7 1-0

[Event "XXI ABERTO INTERNACIONAL DE XADREZ "]
[Site "Pontevedra"]
[Date "2008.08.11"]
[Round "2.1"]
[White "Rusev, Krasimir"]
[Black "Maleki, Manuel"]
[Result "1-0"]
[WhiteElo "2508"]
[BlackElo "2189"]
[PlyCount "85"]
[EventDate "2008.08.10"]

1. d4 f5 2. Nf3 Nf6 3. g3 g6 4. c4 Bg7 5. b4 c6 6. Bb2 d6 7. Bg2 O-O 8. O-O Na6
9. a3 Nc7 10. Nbd2 Qe8 11. Qc2 h6 12. Ne1 g5 13. Nd3 Qh5 14. e3 e5 15. dxe5 Ng4
16. h3 Nxe5 17. c5 Nxd3 18. Bxg7 Kxg7 19. cxd6 Nxf2 20. Rxf2 Ne8 21. g4 Qf7 22.
Ne4 Kg8 23. Raf1 Ng7 24. Nc5 Qe8 25. gxf5 Qxe3 26. d7 Bxd7 27. Nxd7 Rxf5 28.
Qe4 Qxe4 29. Bxe4 Rxf2 30. Rxf2 Rd8 31. Nc5 Rd4 32. Bg2 b6 33. Ne4 Nh5 34. Nf6+
Nxf6 35. Rxf6 c5 36. bxc5 bxc5 37. Ra6 Rd7 38. Rxh6 Rc7 39. Rg6+ Kf7 40. Rxg5
c4 41. Be4 c3 42. Bc2 Re7 43. Rg3 1-0

[Event "XXI ABERTO INTERNACIONAL DE XADREZ "]
[Site "Pontevedra"]
[Date "2008.08.11"]
[Round "2.2"]
[White "Stanoev, Atanas"]
[Black "Spassov, Liuben"]
[Result "0-1"]
[WhiteElo "2198"]
[BlackElo "2428"]
[PlyCount "98"]
[EventDate "2008.08.10"]

1. d4 Nf6 2. c4 e6 3. Nc3 Bb4 4. Qc2 O-O 5. a3 Bxc3+ 6. Qxc3 Ne4 7. Qc2 f5 8.
g3 b6 9. Bg2 Bb7 10. e3 Qc8 11. f3 Nd6 12. Bd2 a5 13. c5 bxc5 14. Qxc5 Bd5 15.
Rc1 Qb7 16. Qxc7 Qxc7 17. Rxc7 Bc6 18. Bf1 Rd8 19. Bd3 Ne8 20. Rxc6 Nxc6 21.
Ne2 Rab8 22. Bc1 Rdc8 23. Nc3 Nd6 24. Ke2 Kf7 25. Na4 e5 26. d5 Na7 27. Bd2
Nab5 28. Bxa5 Ra8 29. Nb6 Rxa5 30. Nxc8 Nxc8 31. b4 Nc3+ 32. Kd2 Rxa3 33. Rc1
e4 34. fxe4 fxe4 35. Bf1 Nxd5 36. Rxc8 Ra2+ 37. Ke1 Nxe3 38. Be2 Rb2 39. b5 Ke7
40. Rg8 Kf6 41. Rb8 Nd5 42. Bc4 Ke5 43. Rb7 Ne3 44. Be2 Nc2+ 45. Kf1 Nd4 46.
Bc4 d5 47. Bxd5 Kxd5 48. Rxg7 e3 49. Rxh7 Rf2+ 0-1

[Event "XXI ABERTO INTERNACIONAL DE XADREZ "]
[Site "Pontevedra"]
[Date "2008.08.11"]
[Round "2.3"]
[White "Ortiz Suarez, Isam"]
[Black "Santaclara Rodriguez, Ramon"]
[Result "1-0"]
[WhiteElo "2392"]
[BlackElo "2154"]
[PlyCount "79"]
[EventDate "2008.08.10"]

1. e4 c5 2. Nf3 Nc6 3. d4 cxd4 4. Nxd4 g6 5. Nc3 Bg7 6. Be3 Nf6 7. Bc4 Qa5 8.
O-O O-O 9. Bb3 d6 10. h3 Bd7 11. Re1 Rac8 12. f4 Nxd4 13. Bxd4 Bc6 14. Nd5 Bxd5
15. exd5 Rfe8 16. Kh2 Nd7 17. Bxg7 Kxg7 18. Re2 Nc5 19. c3 Nxb3 20. axb3 Qb6
21. b4 a6 22. Qd3 Qc7 23. Rae1 Kf8 24. f5 Qd7 25. Rf2 Kg7 26. Re6 f6 27. fxg6
hxg6 28. Rfe2 Rc7 29. Qe3 Qd8 30. Qb6 Kf7 31. R2e4 Rd7 32. Qd4 Rh8 33. c4 Rh5
34. Qd3 Rc7 35. c5 dxc5 36. d6 exd6 37. Rxd6 Qc8 38. Rd8 Qf5 39. Qd6 Rxh3+ 40.
Kg1 1-0

[Event "XXI ABERTO INTERNACIONAL DE XADREZ "]
[Site "Pontevedra"]
[Date "2008.08.11"]
[Round "2.4"]
[White "Rodriguez Calvo, Manoel"]
[Black "Permuy Lorenzo, Carlos Javier"]
[Result "1/2-1/2"]
[WhiteElo "2167"]
[BlackElo "2335"]
[PlyCount "49"]
[EventDate "2008.08.10"]

1. e4 c5 2. Nf3 d6 3. d4 cxd4 4. Nxd4 Nf6 5. Nc3 Bd7 6. g3 e5 7. Nde2 Bc6 8.
Bg2 Nbd7 9. b4 b5 10. a4 bxa4 11. O-O Nb6 12. b5 Bb7 13. Qd3 Nfd7 14. Be3 Qc7
15. Nxa4 Nc4 16. Nec3 Nxe3 17. fxe3 Be7 18. Nd5 Bxd5 19. Qxd5 O-O 20. Rxf7 Rxf7
21. Qxa8+ Rf8 22. Qc6 Bd8 23. Qxc7 Bxc7 24. Nc3 Bb6 25. Nd5 $11 1/2-1/2

[Event "XXI ABERTO INTERNACIONAL DE XADREZ "]
[Site "Pontevedra"]
[Date "2008.08.11"]
[Round "2.5"]
[White "Rivera, Daniel"]
[Black "Bello Filgueira, Joaquin Antoni"]
[Result "1-0"]
[WhiteElo "2322"]
[BlackElo "2015"]
[PlyCount "69"]
[EventDate "2008.08.10"]

1. e4 e5 2. Nf3 Nf6 3. Nxe5 d6 4. Nf3 Nxe4 5. Nc3 Nxc3 6. dxc3 Be7 7. Bf4 Nd7
8. Qd2 O-O 9. O-O-O Re8 10. h4 Bf6 11. Ng5 Nf8 12. Be3 Be6 13. Nxe6 fxe6 14. g4
d5 15. f4 Qd7 16. Bh3 Be7 17. Kb1 Rad8 18. g5 b6 19. c4 Bc5 20. Bxc5 bxc5 21.
cxd5 Qxd5 22. Qe2 Qc6 23. Bg2 Qb6 24. h5 Rb8 25. b3 a5 26. Qe5 Re7 27. f5 a4
28. f6 gxf6 29. gxf6 Rf7 30. Be4 Kh8 31. Rhg1 axb3 32. cxb3 c4 33. Rg7 cxb3 34.
Rxf7 bxa2+ 35. Ka1 1-0

[Event "XXI ABERTO INTERNACIONAL DE XADREZ "]
[Site "Pontevedra"]
[Date "2008.08.11"]
[Round "2.6"]
[White "Campos Calvo-Sotelo, Javier"]
[Black "Piasetski, Leon"]
[Result "0-1"]
[WhiteElo "2125"]
[BlackElo "2314"]
[PlyCount "68"]
[EventDate "2008.08.10"]

1. d4 d6 2. g3 g6 3. Bg2 Bg7 4. e4 Nc6 5. Ne2 e5 6. dxe5 Nxe5 7. O-O Nf6 8.
Nbc3 O-O 9. h3 Re8 10. f4 Ned7 11. Be3 Nb6 12. b3 Bd7 13. Qd3 Qe7 14. Rae1 Rad8
15. Nd4 c5 16. Ndb5 Bxb5 17. Qxb5 Nh5 18. Ne2 f5 19. e5 dxe5 20. Bxc5 Qc7 21.
Bf3 Nf6 22. Bxb6 axb6 23. c4 e4 24. Bg2 Bf8 25. Rd1 Rd3 26. Rxd3 exd3 27. Nc3
Qc5+ 28. Qxc5 Bxc5+ 29. Kh2 Ne4 30. Nd5 Kf7 31. g4 Nf2 32. Bf3 d2 33. Kg2 Re1
34. Nc3 Nxh3 0-1

[Event "XXI ABERTO INTERNACIONAL DE XADREZ "]
[Site "Pontevedra"]
[Date "2008.08.11"]
[Round "2.7"]
[White "Rodriguez Lopez, Rafael"]
[Black "Alonso Macias, Victor"]
[Result "1/2-1/2"]
[WhiteElo "2312"]
[BlackElo "1977"]
[PlyCount "102"]
[EventDate "2008.08.10"]

1. e4 c6 2. d4 d5 3. Nd2 dxe4 4. Nxe4 Nd7 5. Ng5 Ngf6 6. Bd3 h6 7. Ne6 Qb6 8.
Nxf8 Nxf8 9. Nf3 Bf5 10. Be2 Ne6 11. c3 O-O 12. O-O Rad8 13. Qb3 Qxb3 14. axb3
a6 15. b4 Nd5 16. g3 Bg4 17. Re1 Nec7 18. Kg2 Rfe8 19. h3 Bh5 20. Bc4 f6 21.
Nd2 Bf7 22. Kg1 Nb6 23. Bf1 Nd7 24. Nc4 Bxc4 25. Bxc4+ Nd5 26. Ra5 N7b6 27. Bb3
Kh8 28. f4 e6 29. Kf2 Re7 30. g4 Rde8 31. Bd2 g5 32. fxg5 hxg5 33. Kg3 e5 34.
dxe5 Rxe5 35. Raa1 Ne3 36. Bxe3 Rxe3+ 37. Kf2 Rxe1 38. Rxe1 Rxe1 39. Kxe1 Kg7
40. Kf2 Kf8 41. Ke3 Ke7 42. Ke4 Nc8 43. Kf5 Nd6+ 44. Kg6 Ne4 45. Bc2 Nf2 46.
Bf5 b6 47. Bc2 Nxh3 48. Kf5 Nf4 49. Be4 c5 50. bxc5 bxc5 51. Bc2 a5 1/2-1/2

[Event "XXI ABERTO INTERNACIONAL DE XADREZ "]
[Site "Pontevedra"]
[Date "2008.08.11"]
[Round "2.8"]
[White "Lesteiro Lores, Manuel Raul"]
[Black "Espineira Gonzalez, Diego"]
[Result "0-1"]
[WhiteElo "1987"]
[BlackElo "2267"]
[PlyCount "90"]
[EventDate "2008.08.10"]

1. d4 e6 2. Nf3 Nf6 3. Bg5 Be7 4. c4 d5 5. Nc3 Nbd7 6. e3 c6 7. cxd5 exd5 8.
Be2 Nf8 9. O-O Ne6 10. Bxf6 Bxf6 11. b4 O-O 12. Qb3 Bd7 13. b5 Qa5 14. Rab1
Rfc8 15. Rfc1 Nc7 16. bxc6 Bxc6 17. Ne1 Be7 18. a4 Ne8 19. Nd3 a6 20. Ne5 Bd6
21. Nxc6 bxc6 22. Qb6 Qxb6 23. Rxb6 a5 24. Rcb1 Bb4 25. Na2 c5 26. dxc5 Bxc5
27. R6b3 Nf6 28. Bf3 g5 29. Nc3 Rd8 30. Rd1 $11 Kg7 31. Bxd5 Nxd5 32. Nxd5 Rab8
33. Rxb8 Rxb8 34. g3 Rb2 35. Rc1 Bf8 36. Rc7 Rd2 37. Nb6 Bb4 38. e4 Ra2 39. e5
Kg6 40. f4 gxf4 41. gxf4 Kf5 42. Rxf7+ Ke4 43. Nd7 Kf3 44. h4 Be1 45. e6 Bf2+
0-1

[Event "XXI ABERTO INTERNACIONAL DE XADREZ "]
[Site "Pontevedra"]
[Date "2008.08.11"]
[Round "2.10"]
[White "Gil Reguera, Juan Carlos"]
[Black "Ballina Amandi, Casimiro"]
[Result "1/2-1/2"]
[WhiteElo "2236"]
[BlackElo "1947"]
[PlyCount "45"]
[EventDate "2008.08.10"]

1. c4 Nf6 2. g3 c5 3. Bg2 Nc6 4. Nc3 g6 5. e3 Bg7 6. Nge2 a6 7. O-O O-O 8. d4
cxd4 9. exd4 d6 10. h3 Rb8 11. Be3 Bd7 12. b3 b5 13. cxb5 axb5 14. d5 Na5 15.
Nd4 b4 16. Nce2 e6 17. dxe6 fxe6 18. Rc1 e5 19. Nc2 Bc6 20. Qd3 Bxg2 21. Kxg2
Qd7 22. Rfd1 Rfd8 23. Bg5 $11 1/2-1/2

[Event "XXI ABERTO INTERNACIONAL DE XA"]
[Site "Pontevedra"]
[Date "2008.08.12"]
[Round "3.2"]
[White "Spassov, Liuben"]
[Black "Casares Cabanas, Carlos"]
[Result "1-0"]
[WhiteElo "2428"]
[BlackElo "2203"]
[PlyCount "61"]
[EventDate "2008.08.10"]

1. d4 Nf6 2. c4 g6 3. Nc3 Bg7 4. e4 d6 5. f3 O-O 6. Bg5 c5 7. d5 e6 8. Qd2 h6
9. Be3 exd5 10. cxd5 a6 11. a4 Nbd7 12. Nh3 Nh7 13. Nf2 h5 14. Be2 Ne5 15. O-O
f5 16. h3 h4 17. a5 Bd7 18. Ra3 Rb8 19. Rb1 b5 20. axb6 Rxb6 21. Rxa6 Rxa6 22.
Bxa6 f4 23. Bxf4 g5 24. Bh2 Qb6 25. Be2 Ng6 26. Kh1 Nf4 27. Nd3 Nxe2 28. Nxe2
c4 29. Bg1 Qb3 30. Ndc1 Qb8 31. Bd4 1-0

[Event "XXI ABERTO INTERNACIONAL DE XA"]
[Site "Pontevedra"]
[Date "2008.08.12"]
[Round "3.4"]
[White "Villar Perez, Samuel"]
[Black "Rivera, Daniel"]
[Result "0-1"]
[WhiteElo "1937"]
[BlackElo "2322"]
[PlyCount "58"]
[EventDate "2008.08.10"]

1. Nf3 c5 2. c4 Nf6 3. d4 cxd4 4. Nxd4 e5 5. Nb5 d5 6. cxd5 Bc5 7. e3 O-O 8.
N5c3 Re8 9. Bc4 a6 10. a4 e4 11. Nd2 Nbd7 12. Qc2 Qe7 13. b3 Ne5 14. Bb2 Bf5
15. O-O Rac8 16. Be2 Bb4 17. Nc4 Nd3 18. Bxd3 exd3 19. Qd1 Bxc3 20. Bxc3 Nxd5
21. Bb2 {(oferta tablas)} b5 22. axb5 axb5 23. Qh5 bxc4 24. Qxf5 c3 25. Qxd5
cxb2 26. Rab1 Red8 27. Qf3 Rc2 28. Rfd1 Qe5 29. Rxd3 Rc1+ 0-1

[Event "XXI ABERTO INTERNACIONAL DE XA"]
[Site "Pontevedra"]
[Date "2008.08.12"]
[Round "3.5"]
[White "Sriram, Jha"]
[Black "Millan Soto, Miguel"]
[Result "1-0"]
[WhiteElo "2429"]
[BlackElo "1926"]
[PlyCount "59"]
[EventDate "2008.08.10"]

1. d4 Nf6 2. c4 g6 3. Nc3 Bg7 4. e4 d6 5. f3 O-O 6. Be3 Nbd7 7. Nge2 e5 8. Qd2
c6 9. O-O-O Qc7 10. Kb1 a6 11. Nc1 b5 12. dxe5 dxe5 13. Qd6 Qb7 14. Nb3 Ne8 15.
Qd2 Nef6 16. Be2 Re8 17. g4 Bf8 18. h4 Re6 19. h5 Rd6 20. Qc2 Rxd1+ 21. Qxd1
Nb6 22. Qd8 Nxc4 23. Bc5 Bxg4 24. Qxf6 Bxh5 25. Bxf8 Rxf8 26. Bxc4 bxc4 27. Na5
Qd7 28. Nxc6 Re8 29. Nd5 h6 30. Nce7+ 1-0

[Event "XXI ABERTO INTERNACIONAL DE XA"]
[Site "Pontevedra"]
[Date "2008.08.12"]
[Round "3.7"]
[White "Carrera Perez, Francisco"]
[Black "De La Torre Alfonso, Jesus Ange"]
[Result "1-0"]
[WhiteElo "2266"]
[BlackElo "1925"]
[PlyCount "47"]
[EventDate "2008.08.10"]

1. c4 e5 2. Nc3 Nc6 3. Nf3 d6 4. d4 exd4 5. Nxd4 Bd7 6. b3 Nxd4 7. Qxd4 Qf6 8.
Qd2 O-O-O 9. Bb2 Qh6 10. e3 Be7 11. Nd5 b6 12. g3 Bf6 13. Bg2 Bxb2 14. Qxb2 c6
15. Nc3 Ne7 16. a4 Bh3 17. O-O Bxg2 18. Kxg2 Qg6 19. a5 Kb7 20. b4 h5 21. b5 c5
22. axb6 axb6 23. Ra6 h4 24. Qa2 {Bandera} 1-0

[Event "XXI ABERTO INTERNACIONAL DE XA"]
[Site "Pontevedra"]
[Date "2008.08.12"]
[Round "3.9"]
[White "Fernandez Rey, Jorge"]
[Black "Fernandez De Pablo, Miguel A"]
[Result "0-1"]
[WhiteElo "1834"]
[BlackElo "2232"]
[PlyCount "66"]
[EventDate "2008.08.10"]

1. e4 c5 2. Nf3 Nc6 3. d4 cxd4 4. Nxd4 Nf6 5. Nc3 e5 6. Ndb5 d6 7. Bg5 a6 8.
Bxf6 gxf6 9. Na3 b5 10. Nd5 Bg7 11. c3 f5 12. Bd3 Ne7 13. Bc2 O-O 14. Nxe7+
Qxe7 15. exf5 e4 16. Qg4 Qe5 17. Qxe4 Qxe4+ 18. Bxe4 Re8 19. O-O-O Rxe4 20.
Rxd6 Bxf5 21. Rhd1 Be5 22. f3 Re2 23. Rd8+ Rxd8 24. Rxd8+ Kg7 25. g4 Bg6 26. h4
h6 27. Ra8 Bf4+ 28. Kd1 Rxb2 29. Rxa6 Rd2+ 30. Ke1 Rxa2 31. Ra5 Bd2+ 32. Kf1
Bxc3 33. Ra7 b4 0-1

[Event "XXI ABERTO INTERNACIONAL DE XA"]
[Site "Pontevedra"]
[Date "2008.08.13"]
[Round "4.1"]
[White "Rivera, Daniel"]
[Black "Spassov, Liuben"]
[Result "1/2-1/2"]
[WhiteElo "2322"]
[BlackElo "2428"]
[PlyCount "43"]
[EventDate "2008.08.10"]

1. e4 c6 2. d4 d5 3. Nd2 dxe4 4. Nxe4 Bf5 5. Ng3 Bg6 6. h4 h6 7. Nf3 Nd7 8. h5
Bh7 9. Bd3 Bxd3 10. Qxd3 e6 11. Bd2 Ngf6 12. O-O-O Be7 13. Ne4 Nxe4 14. Qxe4
Nf6 15. Qe2 Qd5 16. c4 Qe4 17. Qxe4 Nxe4 18. Be3 f5 19. g3 Bg5 20. Rdg1 Rd8 21.
Nxg5 Nxg5 22. Rd1 1/2-1/2

[Event "XXI ABERTO INTERNACIONAL DE XA"]
[Site "Pontevedra"]
[Date "2008.08.13"]
[Round "4.4"]
[White "Rodriguez Calvo, Manoel"]
[Black "Piasetski, Leon"]
[Result "1-0"]
[WhiteElo "2167"]
[BlackElo "2314"]
[PlyCount "41"]
[EventDate "2008.08.10"]

1. e4 d6 2. d4 g6 3. c4 Bg7 4. Nc3 Nd7 5. Nge2 e5 6. d5 f5 7. exf5 gxf5 8. Ng3
Ndf6 9. Be2 Ne7 10. f4 exf4 11. Bxf4 O-O 12. O-O Ng6 13. Bg5 h6 14. Be3 f4 15.
Bxf4 Nxf4 16. Rxf4 Qe7 17. Qd3 Bd7 18. Raf1 Nh7 19. Nh5 Be5 20. Qg6+ Kh8 21.
Rf7 1-0

[Event "XXI ABERTO INTERNACIONAL DE XA"]
[Site "Pontevedra"]
[Date "2008.08.13"]
[Round "4.6"]
[White "Alonso Macias, Victor"]
[Black "Ortiz Suarez, Isam"]
[Result "0-1"]
[WhiteElo "1977"]
[BlackElo "2392"]
[PlyCount "58"]
[EventDate "2008.08.10"]

1. e4 c5 2. Nf3 e6 3. d4 cxd4 4. Nxd4 Nf6 5. Nc3 d6 6. Be3 a6 7. f3 b5 8. Qd2
Nbd7 9. O-O-O Bb7 10. g4 Nb6 11. g5 Nfd7 12. Bd3 Rc8 13. Rhe1 Be7 14. h4 Ne5
15. Qh2 Rxc3 16. bxc3 Na4 17. Nxb5 Nxd3+ 18. Rxd3 axb5 19. Bd4 O-O 20. f4 Qa8
21. h5 Bxe4 22. Rh3 Bf5 23. g6 h6 24. gxf7+ Rxf7 25. Rg3 Bf8 26. Reg1 Nc5 27.
Kb2 Qd5 28. Qh4 Na4+ 29. Kb1 e5 0-1

[Event "XXI ABERTO INTERNACIONAL DE XA"]
[Site "Pontevedra"]
[Date "2008.08.13"]
[Round "4.7"]
[White "Permuy Lorenzo, Carlos Javier"]
[Black "Bello Filgueira, Joaquin Antoni"]
[Result "1-0"]
[WhiteElo "2335"]
[BlackElo "2015"]
[PlyCount "145"]
[EventDate "2008.08.10"]

1. e4 c5 2. Nf3 d6 3. d4 cxd4 4. Qxd4 Nc6 5. Bb5 Bd7 6. Bxc6 Bxc6 7. Nc3 Nf6 8.
Bg5 e6 9. O-O-O Be7 10. Rhe1 O-O 11. Qd2 Qc7 12. Nd4 Rfd8 13. f3 Rab8 14. g4 b5
15. Kb1 b4 16. Nce2 Ba8 17. h4 a5 18. Ng3 a4 19. Nh5 Nxh5 20. gxh5 Bxg5 21.
Qxg5 Qc5 22. Qg4 Kh8 23. f4 Rg8 24. e5 dxe5 25. fxe5 Bd5 26. Re3 b3 27. cxb3
axb3 28. axb3 h6 29. Rc3 Qe7 30. Qf4 Qb7 31. Re1 Ra8 32. Ree3 Ra7 33. Nc2 Rga8
34. Na3 Qe7 35. b4 Ra4 36. Nc2 Qb7 37. Ra3 R4a7 38. Qd4 Rxa3 39. Rxa3 Be4 40.
Rxa8+ Qxa8 41. b5 Bf5 42. Qc5 Qe4 43. b6 Qd3 44. Ka2 Qa6+ 45. Kb3 Qd3+ 46. Ka2
Qa6+ 47. Na3 Be4 48. Qb5 Bd5+ 49. b3 Qa8 50. Kb2 Bc6 51. Qc5 Bb7 52. Nc4 Bd5
53. Nd6 Qa6 54. Nxf7+ Kg8 55. Nd6 Qe2+ 56. Ka3 Qxe5 57. Qc8+ Kh7 58. Qh8+ Kxh8
59. Nf7+ Kg8 60. Nxe5 Kf8 61. Kb4 Ke7 62. Kc5 Bb7 63. b4 Ba8 64. b5 Bb7 65. Nc4
Kd7 66. Na5 Bf3 67. Nc6 Kc8 68. b7+ Kxb7 69. Nd8+ Kc8 70. Nxe6 Bxh5 71. Nxg7
Bg4 72. Ne8 Kd7 73. Nf6+ 1-0

[Event "XXI ABERTO INTERNACIONAL DE XA"]
[Site "Pontevedra"]
[Date "2008.08.13"]
[Round "4.9"]
[White "Gil Reguera, Juan Carlos"]
[Black "Carrasco Solla, Andres"]
[Result "1/2-1/2"]
[WhiteElo "2236"]
[BlackElo "1972"]
[PlyCount "31"]
[EventDate "2008.08.10"]

1. c4 e5 2. g3 Nc6 3. Bg2 g6 4. Nc3 Bg7 5. e3 d6 6. Nge2 Be6 7. d3 Qd7 8. h3 h5
9. Rb1 f5 10. h4 Nh6 11. Nd5 Nd8 12. e4 O-O 13. Bxh6 Bxh6 14. exf5 Bxf5 15. O-O
c6 16. Ne3 1/2-1/2

[Event "XXI ABERTO INTERNACIONAL DE XA"]
[Site "Pontevedra"]
[Date "2008.08.13"]
[Round "4.10"]
[White "Casares Cabanas, Carlos"]
[Black "Montero Garcia, Fco  Javier"]
[Result "1/2-1/2"]
[WhiteElo "2203"]
[BlackElo "1870"]
[PlyCount "102"]
[EventDate "2008.08.10"]

1. e4 c5 2. Nf3 e6 3. d4 cxd4 4. Nxd4 Nf6 5. Nc3 Nc6 6. Ndb5 d6 7. Bf4 e5 8.
Bg5 a6 9. Na3 b5 10. Bxf6 gxf6 11. Nd5 f5 12. Bd3 Bg7 13. O-O O-O 14. exf5 Qg5
15. Qf3 Nd4 16. Qg3 f6 17. Nb6 Rb8 18. Nxc8 Rbxc8 19. c3 b4 20. cxd4 bxa3 21.
b3 Qxg3 22. hxg3 d5 23. Rfc1 Bh6 24. Rxc8 Rxc8 25. Bxa6 Rc2 26. Bb7 exd4 27.
Bxd5+ Kf8 28. b4 Bd2 29. b5 Bc3 30. b6 Rb2 31. b7 Rxb7 32. Bxb7 Bxa1 33. Be4 d3
34. Kf1 d2 35. Ke2 Bc3 36. Bc2 Ke7 37. Kd3 Ba5 38. g4 h6 39. Kc4 Kd6 40. Kb3
Bb6 41. Kxa3 Bxf2 42. Kb4 Kc6 43. a4 Kb6 44. a5+ Ka7 45. Bd1 Be3 46. Be2 Bf2
47. Kb5 Be1 48. a6 Bf2 49. Kc4 d1=Q 50. Bxd1 Kxa6 51. Kd5 Be3 1/2-1/2

[Event "XXI ABERTO INTERNACIONAL DE XA"]
[Site "Pontevedra"]
[Date "2008.08.14"]
[Round "5.1"]
[White "Rivera, Daniel"]
[Black "Rusev, Krasimir"]
[Result "1/2-1/2"]
[WhiteElo "2322"]
[BlackElo "2508"]
[PlyCount "34"]
[EventDate "2008.08.10"]

1. e4 e6 2. d4 d5 3. Nc3 Bb4 4. e5 c5 5. a3 Bxc3+ 6. bxc3 Ne7 7. Qg4 O-O 8. Bd3
f5 9. exf6 Rxf6 10. Qh5 g6 11. Qd1 Nbc6 12. Nf3 Qf8 13. O-O c4 14. Be2 Bd7 15.
Bg5 Rf7 16. Qd2 Nf5 17. g4 Nd6 1/2-1/2

[Event "XXI ABERTO INTERNACIONAL DE XA"]
[Site "Pontevedra"]
[Date "2008.08.14"]
[Round "5.2"]
[White "Sriram, Jha"]
[Black "Rodriguez Lopez, Rafael"]
[Result "1-0"]
[WhiteElo "2429"]
[BlackElo "2312"]
[PlyCount "103"]
[EventDate "2008.08.10"]

1. d4 Nf6 2. c4 g6 3. g3 d5 4. cxd5 Nxd5 5. Bg2 Bg7 6. Nf3 Nb6 7. Nc3 Nc6 8. e3
O-O 9. O-O e5 10. d5 Na5 11. e4 c6 12. Bg5 f6 13. Be3 cxd5 14. Bxb6 axb6 15.
Qxd5+ Qxd5 16. Nxd5 Nc4 17. b3 Nd6 18. Nxb6 Ra6 19. Nxc8 Rxc8 20. Rfd1 Nxe4 21.
Nxe5 f5 22. f4 Bxe5 23. fxe5 Rc2 24. Bxe4 fxe4 25. Re1 Raxa2 26. Rxa2 Rxa2 27.
Rxe4 Kf7 28. Rb4 Ke6 29. Rxb7 Ra1+ 30. Kg2 Ra2+ 31. Kh3 h5 32. Rb6+ Kf5 33.
Rf6+ Kg5 34. Rf3 Re2 35. b4 Rxe5 36. Rb3 Rb5 37. Kg2 Kf5 38. Kf3 Ke5 39. Ke3
Kd5 40. Kd3 Kc6 41. Ke4 Rg5 42. Rc3+ Kb6 43. Rc5 Rg4+ 44. Kf3 Kb7 45. b5 Rb4
46. Rg5 h4 47. Rxg6 hxg3 48. hxg3 Rxb5 49. Rd6 Rg5 50. Kf4 Rg8 51. g4 Kc7 52.
Rd4 1-0